Kızılay holding / (Record no. 15602)

MARC details
000 -BAŞLIK
Sabit Uzunlukta Kontrol Alanı 00648nam a22002177a 4500
999 ## - SİSTEM KONTROL NUMARALARI (KOHA)
Koha Biblionumber 15602
Koha Biblioitemnumber 15602
003 - KONTROL NUMARASI IDENTIFIER
Denetim Alanı MIRAKIL
005 - SON İŞLEM TARİHİ VE ZAMANI
Denetim Alanı 20240308164701.0
008 - SABİT-BOY VERİ ELEMANLARI - GENEL BİLGİLER
Sabit Uzunlukta Kontrol Alanı 240308b tu ||||| |||| 00| 0 tur d
020 ## - ULUSLARARASI STANDART KİTAP NUMARASI
Uluslararası Standart Kitap Numarası 9789944613309
040 ## - KATALOGLAMA KAYNAK
Orijinal Kataloglama Ajansı TR-AnCHP
Metne Dönüştürmek Ajansı TR-AnCHP
041 ## - DİL KODU
Metin / Ses Parça Veya Ayrı Başlığın Dil Kodu tur
082 ## - DEWEY ONLU SINIFLANDIRMA NUMARASI
Sınıflandırma Numarası 360
Ürün Numarası A64k 2023
090 ## - SINIFLAMA NUMARASI
Sınıflama Numarası 360 A64k 2023
100 ## - ANA GİRİŞ - KİŞİSEL İSİM
Kişisel Ad Arı, İsmail
245 10 - BAŞLIK TABLOSU
Başlık Kızılay holding /
Sorumluluk Tablosu, Vb İsmail Arı.
260 ## - YAYIN, DAĞITIM, VB
Yayın, Dağıtım, Vb Yeri İstanbul :
Yayıncı, Dağıtıcı, Vs Adı Tekin yayınevi,
Yayın, Dağıtım, Vb Tarihi 2023.
300 ## - FİZİKSEL TANIM
Kapsam 214 s. :
Boyutlar 20 cm.
650 #0 - KONU KATMA GİRİŞ - TOPİKAL DÖNEM
9 (RLIN) 990
Topikal Süreli Veya Coğrafi Ad Giriş Elemanı yolsuzluklar
Genel Alt Bölümü Kızılay
Coğrafi Alt Bölümü Türkiye
856 ## - ELEKTRONİK YER VE ERİŞİM
Kamu Notu Dijital Nüshası için Partimizin Kütüphane Sorumlusu ile iletişime geçiniz.
942 ## - EKLENDİ GİRİŞ ELEMANLARI (KOHA)
Sınıflandırma Veya Raf Düzeni Kaynak Dewey Decimal Classification
Koha Öğesi Türü Books
Holdings
Kalıcı Konum Mevcut Konum Edinme Tarihi Toplam Check-Out'Lar Tam Çağrı Numarası Barkod Tarih Son Görülme İtibaren Geçerli Fiyatlar Koha Öğesi Türü
CHP Kütüphanesi CHP Kütüphanesi 03/08/2024   360 A64k 2023 21513 03/08/2024 03/08/2024 Books
Parti Okulu Kütüphanesi Parti Okulu Kütüphanesi 03/08/2024   360 A64k 2023 21514 03/08/2024 03/08/2024 Books